Mozley and Whitely's Law Dictionary
| Main Author: | |
|---|---|
| Format: | Book |
| Published: |
Kuala Lumpur :
Butterworths ,
1993
|
| Edition: | 11th. edition |
| Subjects: |
MARC
| LEADER | 00000cam a2200000 7i4500 | ||
|---|---|---|---|
| 001 | 0000003466 | ||
| 005 | 20150903.0 | ||
| 020 | |a 0406014205 | ||
| 040 | |a INS | ||
| 090 | 0 | 0 | |a KD313. |b M69 1993 |
| 100 | 1 | |a Ivamy, E.R. Hardy | |
| 245 | 1 | 0 | |a Mozley and Whitely's Law Dictionary |c E.R. Hardy Ivamy |
| 250 | |a 11th. edition | ||
| 260 | |a Kuala Lumpur : |b Butterworths , |c 1993 | ||
| 300 | |a viip : |b 296p ; |c 24cm. | ||
| 650 | 0 | 0 | |a Law |z Great Britain |x Dictionaries |
| 999 | |a 0000005220 |b BOOK |c Reference |e Default branch | ||
| 999 | |a 0000022567 |b BOOK |c Open Shelf |e Default branch | ||